<?xml version="1.0" encoding="UTF-8"?>
<record
    xmlns:xsi="http://www.w3.org/2001/XMLSchema-instance"
    xsi:schemaLocation="http://www.loc.gov/MARC21/slim http://www.loc.gov/standards/marcxml/schema/MARC21slim.xsd"
    xmlns="http://www.loc.gov/MARC21/slim">

  <leader>02460cam a2200361 i 4500</leader>
  <controlfield tag="003">CO-BoRNBP</controlfield>
  <controlfield tag="005">20240926081217.0</controlfield>
  <controlfield tag="007">ta</controlfield>
  <controlfield tag="008">080513t20162016ck     fr     000 0 spa d</controlfield>
  <datafield tag="020" ind1=" " ind2=" ">
    <subfield code="a">9789588940540</subfield>
  </datafield>
  <datafield tag="040" ind1=" " ind2=" ">
    <subfield code="a">CO-BoUNC</subfield>
    <subfield code="b">spa</subfield>
    <subfield code="e">rda</subfield>
    <subfield code="c">CO-BoUNC</subfield>
  </datafield>
  <datafield tag="082" ind1="0" ind2="4">
    <subfield code="a">649.1</subfield>
    <subfield code="b">A12b</subfield>
    <subfield code="2">23</subfield>
  </datafield>
  <datafield tag="100" ind1="1" ind2=" ">
    <subfield code="a">Acevedo, Annie de</subfield>
    <subfield code="e">autor</subfield>
    <subfield code="9">23171</subfield>
  </datafield>
  <datafield tag="245" ind1="1" ind2="3">
    <subfield code="a">La buena crianza :</subfield>
    <subfield code="b">pautas y reflexiones sobre c&#xF3;mo criar con responsabilidad y alegr&#xED;a /</subfield>
    <subfield code="c">Annie de Acevedo.</subfield>
  </datafield>
  <datafield tag="250" ind1=" " ind2=" ">
    <subfield code="a">Primera edici&#xF3;n.</subfield>
  </datafield>
  <datafield tag="264" ind1=" " ind2="1">
    <subfield code="a">Bogot&#xE1; :</subfield>
    <subfield code="b">Debolsillo/Penguin Random House Grupo Editorial,</subfield>
    <subfield code="c">2016.</subfield>
  </datafield>
  <datafield tag="264" ind1=" " ind2="4">
    <subfield code="c">&#xA9;2016.</subfield>
  </datafield>
  <datafield tag="300" ind1=" " ind2=" ">
    <subfield code="a">224 p&#xE1;ginas ;</subfield>
    <subfield code="c">19 cm.</subfield>
  </datafield>
  <datafield tag="336" ind1=" " ind2=" ">
    <subfield code="a">texto</subfield>
    <subfield code="b">txt</subfield>
    <subfield code="2">rdacontent</subfield>
  </datafield>
  <datafield tag="337" ind1=" " ind2=" ">
    <subfield code="a">sin mediaci&#xF3;n</subfield>
    <subfield code="b">n</subfield>
    <subfield code="2">rdamedia</subfield>
  </datafield>
  <datafield tag="338" ind1=" " ind2=" ">
    <subfield code="a">volumen</subfield>
    <subfield code="b">nc</subfield>
    <subfield code="2">rdacarrier</subfield>
  </datafield>
  <datafield tag="490" ind1="1" ind2=" ">
    <subfield code="a">Annie de Acevedo.</subfield>
  </datafield>
  <datafield tag="500" ind1=" " ind2=" ">
    <subfield code="a">Incluye perfil acad&#xE9;mico de la autora.</subfield>
  </datafield>
  <datafield tag="505" ind1="0" ind2=" ">
    <subfield code="a">Reflexiones para padres. -- Nuestra historia como hijos. -- El amor en la relaci&#xF3;n entre padres e hijos. -- Reflexiones sobre la familia. -- Pap&#xE1; no hay sino uno. -- Ser mam&#xE1;. -- La paz empieza en familia. -- Art&#xED;culos sobre el desarrollo. -- Y llega el beb&#xE9;.</subfield>
  </datafield>
  <datafield tag="520" ind1="1" ind2=" ">
    <subfield code="a">Criar bien es un arte y una ciencia, pero m&#xE1;s que nada debe ser una experiencia maravillosa. Cuando los padres est&#xE1;n en medio de pataletas, luchas por terminar las tareas, peleas entre hermanos o angustias por el futuro, muchas veces pierden de vista lo mas importante del proceso: disfrutar a sus hijos. El prop&#xF3;sito de este libro es que los padres se den cuenta de que es posible criar bien a sus hijos y al mismo tiempo gozar cada paso. Los consejos de crianza de Annie de Acevedo son un apoyo para educar a los hijos de la mejor manera, con mucho amor, disciplina y confianza, que permitir&#xE1; a los ni&#xF1;os, y a los padres, aprender y crecer con alegr&#xED;a. Esta edici&#xF3;n incluye diez nuevas reflexiones con temas como los ni&#xF1;os y la tecnolog&#xED;a, lo recientes descubrimientos sobre el cerebro de los ni&#xF1;os y como potenciar su aprendizaje, las costumbres de los adolescentes en torno al sexo y al alcohol, y la forma como hemos estado criando \2013 malcriando- a esta nueva generaci&#xFFFD;n. --Contracubierta.</subfield>
  </datafield>
  <datafield tag="650" ind1="1" ind2="7">
    <subfield code="a">Crianza de ni&#xF1;os</subfield>
    <subfield code="2">LEMB</subfield>
    <subfield code="9">19664</subfield>
  </datafield>
  <datafield tag="650" ind1="1" ind2="7">
    <subfield code="a">Padres e hijos</subfield>
    <subfield code="2">LEMB</subfield>
  </datafield>
  <datafield tag="650" ind1="1" ind2="7">
    <subfield code="a">Desarrollo infantil</subfield>
    <subfield code="2">BLAAUTO</subfield>
    <subfield code="9">1630</subfield>
  </datafield>
  <datafield tag="650" ind1="1" ind2="7">
    <subfield code="a">Paternidad (Psicolog&#xED;a)</subfield>
    <subfield code="2">LEMB</subfield>
    <subfield code="9">35554</subfield>
  </datafield>
  <datafield tag="650" ind1="1" ind2="7">
    <subfield code="a">Educaci&#xF3;n de ni&#xF1;os</subfield>
    <subfield code="2">LEMB</subfield>
    <subfield code="9">12915</subfield>
  </datafield>
  <datafield tag="830" ind1=" " ind2="0">
    <subfield code="a">Annie de Acevedo.</subfield>
    <subfield code="9">42298</subfield>
  </datafield>
  <datafield tag="942" ind1=" " ind2=" ">
    <subfield code="2">ddc</subfield>
    <subfield code="c">BK</subfield>
  </datafield>
  <datafield tag="999" ind1=" " ind2=" ">
    <subfield code="c">38326</subfield>
    <subfield code="d">38326</subfield>
  </datafield>
  <datafield tag="952" ind1=" " ind2=" ">
    <subfield code="0">0</subfield>
    <subfield code="1">0</subfield>
    <subfield code="2">ddc</subfield>
    <subfield code="4">0</subfield>
    <subfield code="7">0</subfield>
    <subfield code="8">GEN</subfield>
    <subfield code="a">MEGUAMAL</subfield>
    <subfield code="b">MEGUAMAL</subfield>
    <subfield code="c">GEN</subfield>
    <subfield code="d">2024-09-26</subfield>
    <subfield code="l">0</subfield>
    <subfield code="o">649.1  A12b</subfield>
    <subfield code="p">GUA004102</subfield>
    <subfield code="r">2024-09-26 08:36:53</subfield>
    <subfield code="t">Ej.1</subfield>
    <subfield code="w">2024-09-26</subfield>
    <subfield code="y">BK</subfield>
  </datafield>
</record>
